<?xml version="1.0" encoding="UTF-8"?>
<record
    xmlns:xsi="http://www.w3.org/2001/XMLSchema-instance"
    xsi:schemaLocation="http://www.loc.gov/MARC21/slim http://www.loc.gov/standards/marcxml/schema/MARC21slim.xsd"
    xmlns="http://www.loc.gov/MARC21/slim">

  <leader>01132    a2200193   4500</leader>
  <controlfield tag="001">39956</controlfield>
  <controlfield tag="005">20260407155656.0</controlfield>
  <controlfield tag="008">260407a    arg                 spa d    </controlfield>
  <controlfield tag="003">AR-UNSa-BCEJYS</controlfield>
  <datafield tag="040" ind1=" " ind2=" ">
    <subfield code="a">AR-UNSa-BCEJYS</subfield>
    <subfield code="b">spa</subfield>
    <subfield code="c">AR-UNSa-BCEJYS</subfield>
  </datafield>
  <datafield tag="080" ind1=" " ind2=" ">
    <subfield code="a">910</subfield>
    <subfield code="x">Generalidades. La geograf&#xED;a como ciencia. Exploraciones. Viajes
</subfield>
  </datafield>
  <datafield tag="245" ind1="1" ind2="0">
    <subfield code="a">Lo que dice el mapa</subfield>
    <subfield code="p">ensayo e geograf&#xED;a razonada, para uso de los maestros</subfield>
  </datafield>
  <datafield tag="264" ind1=" " ind2="1">
    <subfield code="a">Buenos Aires :</subfield>
    <subfield code="b">Kapelusz</subfield>
  </datafield>
  <datafield tag="300" ind1=" " ind2=" ">
    <subfield code="a">414 p.</subfield>
    <subfield code="c">18 cm.</subfield>
  </datafield>
  <datafield tag="505" ind1=" " ind2=" ">
    <subfield code="a">1. Dos palabras cerca de la ense&#xF1;anza de la geograf&#xED;a - 2. La tierra en general - 3. Am&#xE9;rica del sud - 3. Estudio regional de la am&#xE9;rica del sud - 4. Am&#xE9;rica del Norte - 5. Estudio regional de la am&#xE9;rica del norte - 6. Am&#xE9;rica Central - 7. Las antillas - 8. Europa - 9. Estudio regional de Europa - 10. Asia - 11. Africa - 12. Estudio regional del &#xE1;frica - 13. Ocean&#xED;a - 14. Estudio regional de la Ocean&#xED;a - 15. Rep&#xFA;blica Argentina - 16. Acci&#xF3;n del medio f&#xED;sico sobre la vida econ&#xF3;mica y social dela Rep&#xFA;blica Argentina </subfield>
  </datafield>
  <datafield tag="942" ind1=" " ind2=" ">
    <subfield code="c">BK</subfield>
  </datafield>
  <datafield tag="590" ind1=" " ind2=" ">
    <subfield code="a">niveau_biblio:m niveau_hierar:0</subfield>
  </datafield>
  <datafield tag="100" ind1="1" ind2=" ">
    <subfield code="a">K&#xFC;hn, Franz</subfield>
  </datafield>
  <datafield tag="999" ind1=" " ind2=" ">
    <subfield code="c">3171</subfield>
    <subfield code="d">3171</subfield>
  </datafield>
  <datafield tag="952" ind1=" " ind2=" ">
    <subfield code="0">0</subfield>
    <subfield code="1">0</subfield>
    <subfield code="4">0</subfield>
    <subfield code="7">0</subfield>
    <subfield code="a">BCEJYS</subfield>
    <subfield code="b">BCEJYS</subfield>
    <subfield code="c">16</subfield>
    <subfield code="d">2026-04-07</subfield>
    <subfield code="l">0</subfield>
    <subfield code="o">910 K96</subfield>
    <subfield code="p">L28961</subfield>
    <subfield code="r">2026-04-07 15:56:56</subfield>
    <subfield code="w">2026-04-07</subfield>
    <subfield code="y">L</subfield>
  </datafield>
</record>
